000 00932nam a2200253 i 4500
001 63657
003 ES-MaACL
007 t|
008 031215s1971 ck ||||1| spa d
100 1 _aFeynman, Richard Phillips.
_950660
245 1 0 _aFísica
_b: lectures on physics /
_cRichard P. Feynman, Robert B. Leighton, Matthew Sands ; versión en español de Enrique Oelker L. ... [et al.].
260 _aBogotá :
_bFondo Educativo Interamericano,
_c1971.
300 _a2 v. ;
_c21 cm.
490 1 _aBilingüe
505 8 _aContiene: V. I: Mecánica, radiación y calor. -- V. II: Electromagnetismo y materia
700 1 _aLeighton, Robert B.
_971377
700 1 _aSands, Matthew.
_9103122
700 1 _aOelker L., Enrique.
_986547
740 0 _aMecánica, radiación y calor.
740 0 _aElectromagnetismo y materia.
830 0 _aBilingüe
_9230682
852 _aES-MaACL
_jL-8068-9
_bR.108588
999 _c63657
_d63657